Guess all the NFL and NBA teams - Statistics

General Stats
  • This quiz has been taken 331 times
  • The average score is 32 of 32
Answer Stats
NFL % Correct
1. Buffalo Bills
100%
2. Miami Dolphins
100%
4. Atlanta Falcons
100%
5. Minnesota Vikings
100%
3. Denver Broncos
99%
7. Baltimore Ravens
99%
10. Chicago Bears
98%
11. Indianapolis Colts
98%
12. Jacksonville Jaguars
98%
13. Kansas City Chiefs
98%
14. Arizona Cardinals
98%
15. Detroit Lions
98%
16. Green Bay Packers
98%
17. Las Vegas Raiders
98%
18. Los Angeles Chargers
98%
19. Carolina Panthers
98%
20. Los Angeles Rams
98%
21. New York Jets
98%
22. New England Patriots
98%
23. Philadelphia Eagles
98%
24. Pittsburgh Steelers
98%
25. New Orleans Saints
98%
26. New York Giants
98%
27. San Francisco 49ers
98%
28. Seattle Seahawks
98%
29. Tampa Bay Buccaneers
98%
30. Tennessee Titans
98%
31. Washington Commanders
98%
32. Baltimore Ravens
98%
6. Houston Texans
98%
8. Cincinnati Bengals
98%
9. Cleveland Browns
98%
No matching quizzes found
Score Distribution
Percent of People with Each Score
Percentile by Number Answered
Your Score History
You have not taken this quiz